Word Ladder: 1975 World Series Quiz Stats

 Plays Quiz Updated Jan 15, 2018

Challenge
Share
Tweet
Embed
Score 0/21 Timer 03:00
2 Plays Today
Clue 4-Letter Word % Correct
Merlot or chardonnay, e.g.WINE
96.3%
What the Red Sox did in the 1975 World SeriesLOSE
95.4%
⚾ 1975 World Series MVP Pete ___⚾ROSE⚾
94.9%
Section of a highwayLANE
94.7%
SoloLONE
94.2%
Get smaller, like the moonWANE
94%
AscendRISE
93.7%
Bed that is stackedBUNK
93%
City in NevadaRENO
91.7%
⚾ Type of hit Armbrister attempted ⚾⚾BUNT⚾
90.3%
Musical about AIDS in NY in the '90sRENT
89%
Clue 4-Letter Word % Correct
AngledBENT
88.3%
⚾ 1975 World Series winners ⚾⚾REDS⚾
87.2%
Get a new kitchenREDO
85.1%
A situation involving exposure to dangerRISK
84.9%
Genre of George Clinton musicFUNK
84.1%
⚾ Red Sox Hall of Fame catcher Carlton ___⚾FISK⚾
82.7%
⚾ Red Sox shortstop ___ Burleson ⚾⚾RICK⚾
79%
TattletaleFINK
78.8%
⚾ Red Sox OF Jim ___ who was injured ⚾⚾RICE⚾
78.7%
⚾ Red Sox Game 6 winning pitcher Rick ___⚾WISE⚾
52.4%

Today's Daily Dose

You're not logged in!

Compare scores with friends on all Sporcle quizzes.
Join for Free
OR
Log In

You Might Also Like...

Show Comments

Extras

Top Quizzes Today


Score Distribution

Your Account Isn't Verified!

In order to create a playlist on Sporcle, you need to verify the email address you used during registration. Go to your Sporcle Settings to finish the process.

Report this User

Report this user for behavior that violates our Community Guidelines.

Details: